Ladislav Bartolomeides a Malohont

Bibliographic Details
Main Author: Sokolovský, Leon, 1949- (Author)
Format: Article
Language:Slovak
PhysicalDescription:Obr. 2
Subjects:

MARC

LEADER 00000nab a2200000 a 4500
001 vtls000580352
003 SK-MaSNL
005 20260305010700.0
008 160216c xo 0 slo
015 |a SNBRB19rr/mm-uuuuu 
035 |a CL0580490 
040 |a SNKBUCL  |b slo  |c SNKBUCL  |e AACR2 
041 0 |a slo 
044 |a xo  |c SK 
080 |a 908-051  |2 1981 
080 |a 91-051  |2 1981 
080 |a 943.76-051"17/18"  |2 1981 
080 |a 929 Bartolomeides, Ladislav Bohuslav  |2 1981 
100 1 |a Sokolovský, Leon,  |d 1949-  |4 aut  |9 210030 
245 1 0 |a Ladislav Bartolomeides a Malohont  |c Leon Sokolovský 
300 |b Obr. 2 
600 1 7 |a Bartolomeides, Ladislav,  |d 1754-1825  |2 snkbucl  |9 182860 
651 7 |a Malohont (Gemer, Slovensko : región)  |2 snkbucl  |9 172288 
655 7 |a články z novín a časopisov  |2 snkbucl  |9 267496 
773 0 |t Obzor Gemera-Malohontu  |g Roč. 25, č. 1, s. 25-28 
850 |a Slovenská národná knižnica v Martine  |a MTA001 
852 |a SNK  |b KIS3GCP 
958 |a BX 
958 |a RK 
958 |a SK 
992 |a RBX 
999 |c 3248008  |d 3249938